00225nam a2200097Ia 4500008004100000100001500041245004000056260000900096942000700105999001500112190216s9999||||xx |||||||||||||| ||und|| aPandey B P 2aA Text Book Of Botany Pteridophytes bNull cBK c1270d1270